2025/2026 Premier League Goalscorers: Gameweek 2 - Statistics

General Stats
  • This quiz has been taken 41 times
    29 since last reset
  • The average score is 21 of 28
Answer Stats
Fixture Club Score Goalscorer % Correct
West Ham v Chelsea West Ham 1-0 Lucas Paqueta
96%
Newcastle v Liverpool Liverpool 2-0 Hugo Ekitike
92%
West Ham v Chelsea Chelsea 1-1 Joao Pedro
92%
Manchester City v Tottenham Tottenham 1-0 Brennan Johnson
88%
Arsenal v Leeds Arsenal 2-0 Bukayo Saka
88%
West Ham v Chelsea Chelsea 3-1 Enzo Fernandez
83%
Arsenal v Leeds Arsenal 3-0 Viktor Gyokeres
83%
Arsenal v Leeds Arsenal 5-0 Viktor Gyokeres
83%
Crystal Palace v Nottingham Forest Crystal Palace 1-0 Ismaila Sarr
79%
West Ham v Chelsea Chelsea 2-1 Pedro Neto
79%
Newcastle v Liverpool Liverpool 1-0 Ryan Gravenberch
79%
West Ham v Chelsea Chelsea 5-1 Trevor Chalobah
79%
Newcastle v Liverpool Newcastle 2-1 Bruno Guimaraes
75%
Manchester City v Tottenham Tottenham 2-0 Joao Palhinha
75%
Arsenal v Leeds Arsenal 1-0 Jurrien Timber
75%
Arsenal v Leeds Arsenal 4-0 Jurrien Timber
75%
West Ham v Chelsea Chelsea 4-1 Moises Caicedo
75%
Newcastle v Liverpool Liverpool 3-2 Rio Ngumoha
75%
Everton v Brighton Everton 1-0 Iliman Ndiaye
71%
Crystal Palace v Nottingham Forest Nottingham Forest 1-1 Callum Hudson-Odoi
63%
Fulham v Manchester United Fulham (OG) 1-0 Rodrigo Muniz
63%
Brentford v Aston Villa Brentford 1-0 Dango Ouattara
58%
Bournemouth v Wolves Bournemouth 1-0 Marcus Tavernier
58%
Newcastle v Liverpool Newcastle 2-2 Will Osula
58%
Fulham v Manchester United Fulham 1-1 Emile Smith-Rowe
54%
Burnley v Sunderland Burnley 2-0 Jaidon Anthony
54%
Everton v Brighton Everton 2-0 James Garner
54%
Burnley v Sunderland Burnley 1-0 Josh Cullen
54%
No matching quizzes found
Score Distribution
Percent of People with Each Score
Percentile by Number Answered
Your Score History
You have not taken this quiz since the last reset